AH International Schools' Libraries

Kiwi Tidies Up (Record no. 49009)

MARC details
000 -LEADER
fixed length control field 00412nam a22001337a 4500
008 - FIXED-LENGTH DATA ELEMENTS--GENERAL INFORMATION
fixed length control field 250722b |||||||| |||| 00| 0 eng d
020 ## - INTERNATIONAL STANDARD BOOK NUMBER
International Standard Book Number 9781445179995
100 ## - MAIN ENTRY--PERSONAL NAME
Personal name Sue Graves (Author) Trevor Dunton (Artist)
9 (RLIN) 86383
245 ## - TITLE STATEMENT
Title Kiwi Tidies Up
260 ## - PUBLICATION, DISTRIBUTION, ETC. (IMPRINT)
Place of publication, distribution, etc London and Sydney
Name of publisher, distributor, etc FRANKLIN WATTS LTD
Date of publication, distribution, etc 2022
300 ## - PHYSICAL DESCRIPTION
Extent 32 pages
Other physical details col. ill.
Dimensions 7.64 x 0.24 x 9.13 inches
490 ## - SERIES STATEMENT
Series statement Behaviour Matters
942 ## - ADDED ENTRY ELEMENTS (KOHA)
Source of classification or shelving scheme
Holdings
Withdrawn status Lost status Source of classification or shelving scheme Damaged status Not for loan Collection code Home library Current library Date acquired Total Checkouts Full call number Barcode Date last seen Price effective from Koha item type
          Siem Reap Asian Hope Siem Reap Asian Hope Siem Reap 07/22/2025   FIC SUE 209025 07/22/2025 07/22/2025 Book

For any Logos Library related questions please contact Miss Art at swongnarasuk@asianhope.org.

For any Asian Hope Library related questions please contact Miss Raza at graza@asianhope.org.

Powered by Koha